000 00781nam a2200229 a 4500
001 000023430
005 20200930022220.0
008 101207s1971 mx 001 0 spa d
040 _aDO-SdBNP
_bspa
_cBNPHU
041 1 7 _aspa
_heng
_2Código de idiomas MARC
082 _ann*
_bnn*
100 1 _aWilcox, Clair.
_948281
240 1 0 _aToward social welfare.
_lEspañol
245 1 0 _aHacia la prosperidad sociales /
_cClair Wilcox ; traducción Francisco J. Perea.
260 _aMéxico, D. F. :
_bLimusa-Wiley,
_c1971.
300 _a446 p. ;
_c23 cm.
534 _aTítulo de la obra en inglés :
_tToward social welfare
505 0 _aIncluye índice de nombres y materias.
504 _aBibliografía : 437-438 p.
700 1 _aPerea, Francisco J.,
_etr.
_941991
049 _aBNGR
999 _c22927
_d22927